Surpassing college adversities: (Record no. 14822)
[ view plain ]
| 000 -LEADER | |
|---|---|
| fixed length control field | 00722nam a22002057a 4500 |
| 003 - CONTROL NUMBER IDENTIFIER | |
| control field | OSt |
| 005 - DATE AND TIME OF LATEST TRANSACTION | |
| control field | 20200109114025.0 |
| 008 - FIXED-LENGTH DATA ELEMENTS--GENERAL INFORMATION | |
| fixed length control field | 200109b ||||| |||| 00| 0 eng d |
| 040 ## - CATALOGING SOURCE | |
| Transcribing agency | UMDC |
| 082 ## - DEWEY DECIMAL CLASSIFICATION NUMBER | |
| Edition number | 2019 |
| Classification number | UT 1392 |
| Item number | P64 |
| 100 ## - MAIN ENTRY--PERSONAL NAME | |
| Personal name | Mark A. Pillora |
| 9 (RLIN) | 41100 |
| 245 ## - TITLE STATEMENT | |
| Title | Surpassing college adversities: |
| Remainder of title | Emotional stress among BPE students |
| Statement of responsibility, etc. | Mark A. Pillora, Mary Ann G. Latasa and Meriel Sajarah L. Balandan |
| 260 ## - PUBLICATION, DISTRIBUTION, ETC. (IMPRINT) | |
| Place of publication, distribution, etc. | Digos City: |
| Name of publisher, distributor, etc. | UMDC |
| Date of publication, distribution, etc. | December 2019 |
| 300 ## - PHYSICAL DESCRIPTION | |
| Extent | 76 pages; |
| Dimensions | 30 cm. |
| 650 ## - SUBJECT ADDED ENTRY--TOPICAL TERM | |
| Topical term or geographic name as entry element | Education |
| Form subdivision | Physical Education |
| General subdivision | Undergraduate thesis: |
| 9 (RLIN) | 35229 |
| 700 ## - ADDED ENTRY--PERSONAL NAME | |
| Personal name | Pillora, Mark A. |
| 9 (RLIN) | 41101 |
| 700 ## - ADDED ENTRY--PERSONAL NAME | |
| Personal name | Latasa, Mary Ann G. |
| 9 (RLIN) | 41102 |
| 700 ## - ADDED ENTRY--PERSONAL NAME | |
| Personal name | Balandan, Meriel Sajarah L. |
| 9 (RLIN) | 41103 |
| 942 ## - ADDED ENTRY ELEMENTS (KOHA) | |
| Source of classification or shelving scheme | Dewey Decimal Classification |
| Koha item type | Undergraduate Thesis |
| Withdrawn status | Lost status | Source of classification or shelving scheme | Damaged status | Not for loan | Collection code | Home library | Current library | Date acquired | Total Checkouts | Full call number | Barcode | Date last seen | Price effective from | Koha item type |
|---|---|---|---|---|---|---|---|---|---|---|---|---|---|---|
| Dewey Decimal Classification | Undergraduate Theses | UM Digos College - LIC | UM Digos College - LIC | 11/29/2019 | UT 1392 P64 2019 | UT 1392 | 01/09/2020 | 01/09/2020 | Undergraduate Thesis |
